00730cam a22002533a 45000010005000000030006000050050017000110080041000280400015000690420007000840500007000910500007000981000025001052450107001302600029002375060030002665160020002966530023003166530019003396530024003586530025003828300028004078560041004352210PGUSA20140828083012.0000601s2000||||xxu|||||s|||||000 | eng d aPGUSAbeng adc 4aQH 4aQP1 aHuman Genome Project10aHuman Genome Project, rough draft, Chromosome Number 10h[electronic resource] /cHuman Genome Project bProject Gutenberg,c2000 aPublic domain in the USA. aElectronic text aHuman gene mapping aHuman genetics aNucleotide sequence aHuman Genome Project 0aProject Gutenbergv221040uhttp://www.gutenberg.org/ebooks/2210